Electric machinery (Record no. 4509)
[ view plain ]
| 000 -LEADER | |
|---|---|
| fixed length control field | 01606 a2200253 4500 |
| 020 ## - INTERNATIONAL STANDARD BOOK NUMBER | |
| International Standard Book Number | 0073660094 |
| 020 ## - INTERNATIONAL STANDARD BOOK NUMBER | |
| International Standard Book Number | 0071121935 |
| 040 ## - CATALOGING SOURCE | |
| Original cataloging agency | DLC |
| Language of cataloging | DLC |
| 082 00 - DEWEY DECIMAL CLASSIFICATION NUMBER | |
| Classification number | 621.31/042 |
| 082 00 - DEWEY DECIMAL CLASSIFICATION NUMBER | |
| Classification number | 621.31042 |
| 100 1# - MAIN ENTRY--PERSONAL NAME | |
| Personal name | Fitzgerald, A. E. |
| 245 10 - TITLE STATEMENT | |
| Title | Electric machinery |
| Statement of responsibility, etc. | A. E. Fitzgerald, Charles Kingsley, Jr., Stephen D. Umans. |
| 250 ## - EDITION STATEMENT | |
| Edition statement | 6th ed. |
| 260 ## - PUBLICATION, DISTRIBUTION, ETC. | |
| Place of publication, distribution, etc. | Boston, Mass. : |
| Name of publisher, distributor, etc. | McGraw-Hill, |
| Date of publication, distribution, etc. | c2003. |
| 300 ## - PHYSICAL DESCRIPTION | |
| Extent | xv, 688 p. : |
| Other physical details | ill. ; |
| Dimensions | 24 cm. |
| 440 #0 - SERIES STATEMENT/ADDED ENTRY--TITLE | |
| Title | McGraw-Hill series in electrical and computer engineering |
| 505 0# - FORMATTED CONTENTS NOTE | |
| Formatted contents note | Ch. 1. Magnetic Circuits and Magnetic Materials -- Ch. 2. Transformers -- Ch. 3. Electromechanical-Energy-Conversion Principles -- Ch. 4. Introduction to Rotating Machines -- Ch. 5. Synchronous Machines -- Ch. 6. Polyphase Induction Machines -- Ch. 7. DC Machines -- Ch. 8. Variable-Reluctance Machines and Stepping Motors -- Ch. 9. Single- and Two-Phase Motors -- Ch. 10. Introduction to Power Electronics -- Ch. 11. Speed and Torque Control -- App. A. Three-Phase Circuits -- App. B. Voltages, Magnetic Fields, and Inductances of Distributed AC Windings -- App. C. The dqO Transformation -- App. D. Engineering Aspects of Practical Electric Machine Performance and Operation -- App. E. Table of Constants and Conversion Factors for SI Units. |
| 650 #0 - SUBJECT ADDED ENTRY--TOPICAL TERM | |
| Topical term or geographic name entry element | Electric machinery. |
| 700 1# - ADDED ENTRY--PERSONAL NAME | |
| Personal name | Kingsley, Charles, |
| Dates associated with a name | 1904- |
| 700 1# - ADDED ENTRY--PERSONAL NAME | |
| Personal name | Umans, Stephen D. |
| 856 42 - ELECTRONIC LOCATION AND ACCESS | |
| Materials specified | Publisher description |
| Uniform Resource Identifier | <a href="http://www.loc.gov/catdir/description/mh024/2002070988.html">http://www.loc.gov/catdir/description/mh024/2002070988.html</a> |
| 856 42 - ELECTRONIC LOCATION AND ACCESS | |
| Materials specified | Table of contents |
| Uniform Resource Identifier | <a href="http://www.loc.gov/catdir/toc/mh023/2002070988.html">http://www.loc.gov/catdir/toc/mh023/2002070988.html</a> |
| 942 ## - ADDED ENTRY ELEMENTS (KOHA) | |
| Koha item type | Book |
| Call number prefix | 621.31042 FIT |
| Source of classification or shelving scheme | |
| Withdrawn status | Lost status | Damaged status | Not for loan | Collection code | Permanent Location | Current Location | Shelving location | Date acquired | Source of acquisition | Cost, normal purchase price | Total Checkouts | Total Renewals | Full call number | Barcode | Checked out | Date last seen | Date last checked out | Price effective from | Koha item type |
|---|---|---|---|---|---|---|---|---|---|---|---|---|---|---|---|---|---|---|---|
| Central Library (CL) | Central Library (CL) | General Stacks | 06/20/2005 | New Public Book | 6957.48 | 5 | 4 | 621.31042 FIT | SEECS005961 | 04/12/2026 | 09/21/2025 | 09/21/2025 | 01/05/2017 | Book |
